LEADER 00965nam a2200253 u 4500 001 000000037286 003 CaOOAMICUS 005 20070226113740.0 008 980406s1928 it u000 u ita u 035 $a10789189 040 $aPUL(R)$bita 100 1 $aPaoli, Giulio.$0(OLS)http://pul/name/27990 245 10$aGiustizia convincente /$cGiulio Paoli. 260 $aFirenze :$bVallecchi,$c1928. 300 $a8 p. ;$c19 cm 500 $aEstratto da "Il Foro toscano", 11-12, a. III, 1928. 650 4$aDiritto penale.$0(OLS)http://pul/subject/1808 850 $aPUL 852 $aPUL$W1$xDP1 Miscellanee$y10$mMiscell.A.Borettini.62$j50963$nBK-PRI$b $qStampati Miscellanee$B50963$CPULBib$Z2$F50963 $H $81 941 1 $a17 960 $aPena (diritto)$91808 960 $aPena (diritto)$91808 996 $6245$aGiustizia convincente$9(OLS)http://pul/title/50798 996 $6260$aFirenze :$bVallecchi$9(OLS)http://pul/publisher/47977 LEADER 01023nam a2200241 u 4500 001 000000077222 003 CaOOAMICUS 005 20070226123310.0 008 040122q1876 fr u000 u fre u 035 $a10981841 040 $aPUL(R)$bita 100 1 $aHaulleville, Prosper Charles Alexandre,$cbaron de,$d1830-1898.$0(OLS)http://pul/name/9436 245 10$aDe l'avenir des peuples catholiques /$cpar le Baron de Haulleville. 250 $a2ème ed. 260 $aParis :$bLibrairie Ch. Bleriot,$c[1876?] 300 $axi, 335 p. ;$c17 cm 500 $aLa data di edizione è desunta dall'introd. 650 4$aApologetica$xAutori cattolici.$0(OLS)http://pul/subject/3141 850 $aPUL 852 $aPUL$W1$xDP1 Antico 800$y27$m137 A 16$j99245$nBK-PRI$b $qStampati Antico$B99245$CPULBib$Z2$F99245 $H $81 941 1 $a15 996 $6245$aDe l'avenir des peuples catholiques$9(OLS)http://pul/title/101267 996 $6260$aParis :$bLibrairie Ch. Bleriot$9(OLS)http://pul/publisher/75006